000
00267nam a2200121Ia 4500
008
190216s9999||||xx |||||||||||||| ||und||
100
_a
Baby Haldar
245
0
_a
Hindi-Ako-Anthari
260
_b
Roshanthi Prakashan
300
_a
143
650
_a
Hindi
942
_c
BK
999
_c
16260
_d
16260